| 000 | 00446 a2200181 4500 | ||
|---|---|---|---|
| 260 | _aNew York | ||
| 260 | _bLippincott Williams | ||
| 250 | _a4ème éd. | ||
| 245 | _aPhysical medicine and rehabilitation : principles and practique, volume 1 | ||
| 650 | _aKINESITHERAPIE | ||
| 100 | _aDelisa, J. A. | ||
| 260 | _c2004 | ||
| 300 | _a980 p. | ||
| 035 | _a9467 | ||
| 999 |
_c18616 _d18616 |
||